000 01282nam a22003017a 4500
005 20080929101452.0
008 080929t xxu||||| |||| 00| 0 hin d
010 _aHIN-92602
020 _c225.00
_a818530954x
035 _aHN-64948
037 _bDBAD / PUB
040 _aDPL
_bHN
082 _a824
100 _926640
_aसुरेश ' निर्मल '
245 _aहिन्दू धर्म, प्रतीक और मिथक
_cसुरेश ' निर्मल '
_bगवेषणात्मक निबन्धों का संग्रह /
246 _aHindu Dharm,Pratik aur mithak
_bby Suresh 'Nirmal'
260 _aगाजियाबाद
_bअमित प्रकाशन
_c2006
270 _aके.बी.97, कविनगर
_bगाजियाबाद (उ.प्र.)
_e201002
300 1 _a174पृ.
_c22सेमी (सजिल्द)
650 _9697
_aहिन्दी निबन्ध
650 _926674
_aHindi Essay
650 _9698
700 _926643
700 _927078
710 _926662
942 _2ddc
_cHN
_mसुरेश
_h824
999 _c52146
_d52146